000 00876nam a2200205 i 4500
001 132461
003 ES-MaACL
005 20231228210625.0
007 t|
008 070214s1977 sp r ||||1| spa d
100 1 _aRomero de Lecea, Carlos.
_999371
245 1 0 _aTrompetas y cítaras en los códices de Beato de Liébana /
_cdiscurso leído por Carlos Romero de Lecea el día 1 de mayo de 1977, con motivo de su recepción ; y contestación del Excmo. Sr. D. Federico Sopeña Ibáñez.
260 _aMadrid :
_bReal Academia de Bellas Artes de San Fernando,
_c1977.
300 _a142 p., 1 lám. col. :
_bil. ;
_c25 cm.
600 0 4 _aBeato de Liébana
_cSanto.
_9156301
700 1 _aSopeña Ibáñez, Federico,
_d1917-1991
_9107321
710 2 _aReal Academia de Bellas Artes de San Fernando.
_96291
852 _aES-MaACL
_jA-7053
_bR.95998
999 _c132461
_d132461